[Event "ST-2020-0-00152"]
[Site "LSS email"]
[Date "2020.07.23"]
[Round "?"]
[White "Steinke, Ruediger"]
[Black "Zolendowski, Cesary"]
[Result "1/2-1/2"]
[WhiteElo "2350"]
[BlackElo "2300"]
[PlyCount "55"]
[EventDate "2020.06.23"]
[EventType "tourn (corr)"]
[EventRounds "6"]
[EventCountry "GER"]
[SourceTitle "Corr 2024"]
[Source "ChessBase"]
[SourceDate "2023.10.19"]
[SourceVersion "1"]
[SourceVersionDate "2023.10.19"]
[SourceQuality "1"]

1. e4 c5 2. Nf3 d6 3. d4 cxd4 4. Nxd4 Nf6 5. Nc3 a6 6. Be3 e5 7. Nb3 Be6 8. h3 Be7 9. f4 exf4 10. Bxf4 Nc6 11. Qe2 Ne5 12. 0-0-0 Nfd7 13. Kb1 0-0 14. Qe3 Rc8 15. Nd4 Re8 16. g4 Qa5 17. a3 b5 18. Nf5 Bxf5 19. gxf5 Nf6 20. Nd5 Nxd5 21. Rxd5 Qc7 22. c3 Bf6 23. Bg5 Nd7 24. Rg1 Be5 25. Bh6 g6 26. h4 Nf6 27. Rd1 Qc5 28. Bd3 1/2-1/2

[Event "ST-2020-0-00152"]
[Site "LSS email"]
[Date "2020.07.23"]
[Round "?"]
[White "Zolendowski, Cesary"]
[Black "Martin, Angel"]
[Result "0-1"]
[WhiteElo "2300"]
[BlackElo "2382"]
[PlyCount "88"]
[EventDate "2020.06.23"]
[EventType "tourn (corr)"]
[EventRounds "6"]
[EventCountry "GER"]
[SourceTitle "Corr 2024"]
[Source "ChessBase"]
[SourceDate "2023.10.19"]
[SourceVersion "1"]
[SourceVersionDate "2023.10.19"]
[SourceQuality "1"]

1. d4 d5 2. c4 e6 3. Nf3 c5 4. cxd5 exd5 5. g3 Nc6 6. Bg2 Nf6 7. 0-0 Be7 8. Nc3 0-0 9. Bg5 c4 10. e3 Be6 11. Rc1 Rc8 12. Ne5 h6 13. Bxf6 Bxf6 14. f4 Ne7 15. Qc2 Bf5 16. Qf2 Qa5 17. Rfd1 Rfd8 18. h3 b5 19. a3 Qb6 20. g4 Bxe5 21. fxe5 Be6 22. Rf1 a5 23. a4 b4 24. Nb5 Rb8 25. Qh4 Rd7 26. Rf2 Qd8 27. Qg3 Rxb5 28. axb5 a4 29. h4 Rb7 30. Rcf1 Rxb5 31. g5 hxg5 32. Qxg5 Rb8 33. h5 a3 34. bxa3 b3 35. e4 dxe4 36. Bxe4 Qxd4 37. h6 Ng6 38. Bxg6 fxg6 39. hxg7 Kxg7 40. Qf6+ Kh6 41. Qxe6 b2 42. Qd6 Qxd6 43. exd6 b1Q 44. Rxb1 Rxb1+ 0-1

[Event "WC-2019-Q-00006"]
[Site "LSS email"]
[Date "2019.08.28"]
[Round "?"]
[White "Bernal Varela, Nelson"]
[Black "Zolendowski, Cesary"]
[Result "1/2-1/2"]
[WhiteElo "2406"]
[BlackElo "2303"]
[PlyCount "118"]
[EventDate "2019.09.01"]
[EventType "tourn (corr)"]
[EventRounds "12"]
[EventCountry "GER"]
[SourceTitle "Corr 2022"]
[Source "ChessBase"]
[SourceDate "2021.10.24"]
[SourceVersion "1"]
[SourceVersionDate "2021.10.24"]
[SourceQuality "1"]

1. e4 c5 2. Nf3 d6 3. Bb5+ Bd7 4. Bxd7+ Qxd7 5. c4 Nc6 6. d4 cxd4 7. Nxd4 g6 8. Nc3 Bg7 9. Be3 Nf6 10. h3 0-0 11. 0-0 Rac8 12. b3 a6 13. a4 Qc7 14. Rb1 e6 15. Qd2 Nd7 16. Rfc1 Rfd8 17. Ncb5 Qb8 18. Nxc6 Rxc6 19. Nc3 Rcc8 20. Bg5 Re8 21. f3 Be5 22. Kh1 Qc7 23. Nd1 f5 24. Nf2 Nc5 25. exf5 exf5 26. Nd3 Nxd3 27. Qxd3 Bg3 28. b4 Qf7 29. f4 Bf2 30. Rc2 Ba7 31. Rd1 Qe6 32. Kh2 a5 33. bxa5 Bc5 34. Rb2 Qe4 35. Qd5+ Qxd5 36. cxd5 Ra8 37. Rb5 Re4 38. Rxb7 Rxa4 39. Bh6 R4xa5 40. Rg7+ Kh8 41. Rb1 Bd4 42. Rd7 Kg8 43. Rxd6 R5a7 44. Bg5 Kf7 45. h4 Re8 46. h5 gxh5 47. Rh6 Re4 48. Rxh5 Bg7 49. Rb6 Rd7 50. Rxh7 Kg8 51. Rh3 Rd4 52. Kg3 Rd2 53. d6 R2xd6 54. Rb5 Rd5 55. Rxd5 Rxd5 56. Kh4 Rd2 57. Kh5 Rxg2 58. Rd3 Kh7 59. Rd7 Rh2+ 1/2-1/2

[Event "WC-2019-Q-00006"]
[Site "LSS email"]
[Date "2019.08.28"]
[Round "?"]
[White "Zolendowski, Cesary"]
[Black "Kushnaryov, Andrey"]
[Result "1/2-1/2"]
[WhiteElo "2303"]
[BlackElo "2222"]
[PlyCount "62"]
[EventDate "2019.09.01"]
[EventType "tourn (corr)"]
[EventRounds "12"]
[EventCountry "GER"]
[SourceTitle "Corr 2022"]
[Source "ChessBase"]
[SourceDate "2021.10.24"]
[SourceVersion "1"]
[SourceVersionDate "2021.10.24"]
[SourceQuality "1"]

1. e4 c5 2. Nf3 Nc6 3. d4 cxd4 4. Nxd4 Nf6 5. Nc3 e5 6. Ndb5 d6 7. Bg5 a6 8. Na3 b5 9. Nd5 Be7 10. Bxf6 Bxf6 11. c4 b4 12. Nc2 a5 13. Qf3 Be7 14. Rd1 Be6 15. c5 0-0 16. Bc4 Qb8 17. Qd3 dxc5 18. Nxe7+ Nxe7 19. Bxe6 fxe6 20. Qd7 Kf7 21. Rd3 Re8 22. Rf3+ Kg8 23. Qxe6+ Kh8 24. Ne3 Ng6 25. Qc4 Nf4 26. 0-0 Qc7 27. Rc1 h6 28. Nd5 Qd8 29. h3 Ne6 30. Rf7 Qg5 31. Re1 Rf8 1/2-1/2

[Event "CP-2018-Q-00007"]
[Site "LSS email"]
[Date "2018.11.28"]
[Round "?"]
[White "Jenneborg, Seved"]
[Black "Zolendowski, Cesary"]
[Result "1/2-1/2"]
[WhiteElo "1938"]
[BlackElo "2323"]
[PlyCount "127"]
[EventDate "2018.12.01"]
[EventType "tourn (corr)"]
[EventRounds "6"]
[EventCountry "GER"]
[SourceTitle "Corr 2022"]
[Source "ChessBase"]
[SourceDate "2021.10.24"]
[SourceVersion "1"]
[SourceVersionDate "2021.10.24"]
[SourceQuality "1"]

1. e4 c5 2. Nf3 d6 3. d4 cxd4 4. Nxd4 Nf6 5. Nc3 a6 6. h3 e5 7. Nf3 Nbd7 8. Bd3 Be7 9. 0-0 0-0 10. Qe2 Nc5 11. Bg5 Ne6 12. Be3 Qc7 13. Bc4 Bd7 14. Nd5 Nxd5 15. Bxd5 Rac8 16. Rac1 Qb8 17. Rfd1 b5 18. c3 Rfd8 19. Bb3 a5 20. a3 Qb7 21. Bd5 Bc6 22. c4 bxc4 23. Bxc4 Rb8 24. Bd5 Bxd5 25. Rxd5 a4 26. Rc2 g6 27. Qc4 Rdc8 28. Qxa4 Rxc2 29. Qxc2 Qxb2 30. Qxb2 Rxb2 31. Ra5 f5 32. exf5 gxf5 33. g3 Rb7 34. a4 Kf7 35. Kf1 Rb1+ 36. Kg2 Rb7 37. Rb5 Rxb5 38. axb5 Ke8 39. Ba7 Kd8 40. Nd2 d5 41. Nb3 Kc8 42. f3 Nc7 43. b6 Ne6 44. Na5 Nd8 45. Kf2 Bb4 46. b7+ Nxb7 47. Nc6 Bd6 48. f4 exf4 49. gxf4 Kd7 50. Nd4 Bxf4 51. Nxf5 Nd8 52. Nd4 Nc6 53. Kf3 Bd6 54. Bb6 Be5 55. Ne2 Kd6 56. Ke3 Ne7 57. Kd3 Ng6 58. Ba7 Ke6 59. Bb6 Bd6 60. Kd4 Bb8 61. Kc3 Be5+ 62. Kd3 Bh2 63. Ke3 Be5 64. Kd3 1/2-1/2

[Event "CP-2018-Q-00007"]
[Site "LSS email"]
[Date "2018.11.28"]
[Round "?"]
[White "Zolendowski, Cesary"]
[Black "Hoge, Kai Uwe"]
[Result "1/2-1/2"]
[WhiteElo "2323"]
[BlackElo "2142"]
[PlyCount "80"]
[EventDate "2018.12.01"]
[EventType "tourn (corr)"]
[EventRounds "6"]
[EventCountry "GER"]
[SourceTitle "Corr 2022"]
[Source "ChessBase"]
[SourceDate "2021.10.24"]
[SourceVersion "1"]
[SourceVersionDate "2021.10.24"]
[SourceQuality "1"]

1. e4 c6 2. d4 d5 3. e5 c5 4. dxc5 e6 5. Nf3 Bxc5 6. Be2 Ne7 7. 0-0 Nbc6 8. Bf4 0-0 9. Bd3 Ng6 10. Bg3 f6 11. exf6 gxf6 12. c4 dxc4 13. Bxc4 Qe7 14. Nh4 Nxh4 15. Bxh4 Qg7 16. Nc3 Kh8 17. Ne4 Bd4 18. Nd6 Rd8 19. Nxc8 Bxb2 20. Nd6 Be5 21. Qh5 Rxd6 22. Rad1 Rg8 23. Bg3 Bxg3 24. hxg3 Rxd1 25. Rxd1 Qe7 26. Re1 Qb4 27. Rc1 Qe7 28. Bb3 Rd8 29. Qh4 Rd4 30. Qh3 Rd6 31. Rc3 Qg7 32. Re3 Nd4 33. Bxe6 Rxe6 34. Rxe6 Nxe6 35. Qxe6 Qg5 36. Qe8+ Kg7 37. Qd7+ Kh8 38. Qe8+ Kg7 39. Qe7+ Kg8 40. Qd8+ Kg7 1/2-1/2

[Event "SM-2018-0-00403"]
[Site "LSS email"]
[Date "2018.10.10"]
[Round "?"]
[White "Zolendowski, Cesary"]
[Black "Boehme, Sebastian"]
[Result "1/2-1/2"]
[WhiteElo "2322"]
[BlackElo "2476"]
[PlyCount "82"]
[EventDate "2018.08.27"]
[EventType "tourn (corr)"]
[EventRounds "6"]
[EventCountry "GER"]
[SourceTitle "Corr 2022"]
[Source "ChessBase"]
[SourceDate "2021.10.24"]
[SourceVersion "1"]
[SourceVersionDate "2021.10.24"]
[SourceQuality "1"]

1. e4 e5 2. Nf3 Nc6 3. Bb5 a6 4. Ba4 Nf6 5. 0-0 Nxe4 6. d4 b5 7. Bb3 d5 8. dxe5 Be6 9. Be3 Be7 10. Nbd2 Nc5 11. Bxc5 Bxc5 12. c3 0-0 13. Qe2 Bb6 14. a4 Rb8 15. Bc2 g6 16. axb5 axb5 17. Rfe1 Qe7 18. h3 Rfd8 19. Rad1 b4 20. Nb3 bxc3 21. bxc3 Ra8 22. Ra1 Kg7 23. Reb1 Rdb8 24. Rd1 Rxa1 25. Rxa1 Bc8 26. Qe1 Nd8 27. Nbd4 c5 28. Ne2 Ne6 29. Rb1 Bc7 30. Rxb8 Bxb8 31. Qd2 Bb7 32. Bb3 Qd7 33. h4 h5 34. Ba2 Bc7 35. Nf4 Nxf4 36. Qxf4 Bd8 37. Qd2 Qe6 38. Bb3 Be7 39. Qa2 Qc6 40. Kh2 Qd7 41. Qd2 Bd8 1/2-1/2

[Event "CP-2018-P-00031"]
[Site "LSS email"]
[Date "2018.09.27"]
[Round "?"]
[White "Zolendowski, Cesary"]
[Black "Yarmolyuk, Yury"]
[Result "1/2-1/2"]
[WhiteElo "2322"]
[BlackElo "2282"]
[PlyCount "68"]
[EventDate "2018.10.01"]
[EventType "tourn (corr)"]
[EventRounds "6"]
[EventCountry "GER"]
[SourceTitle "Corr 2022"]
[Source "ChessBase"]
[SourceDate "2021.10.24"]
[SourceVersion "1"]
[SourceVersionDate "2021.10.24"]
[SourceQuality "1"]

1. e4 e5 2. Nf3 Nc6 3. Bb5 a6 4. Ba4 Nf6 5. 0-0 Be7 6. Re1 b5 7. Bb3 0-0 8. a4 b4 9. d3 d6 10. Nbd2 Na5 11. Ba2 c5 12. h3 Be6 13. Nc4 Nxc4 14. Bxc4 a5 15. c3 Bxc4 16. dxc4 Rb8 17. Qc2 Rb6 18. cxb4 Rxb4 19. Bd2 Rb7 20. Bc3 Nh5 21. Nh2 Nf4 22. Nf1 Ne6 23. Ne3 Nd4 24. Qd3 Qd7 25. Nd5 Rfb8 26. Kh2 h6 27. Rf1 Bg5 28. Kh1 Qd8 29. Ra3 h5 30. Qd1 g6 31. Ra1 Bh6 32. Rb1 Bg7 33. Qd3 Rb3 34. Ra1 Bh6 1/2-1/2

[Event "SM-2018-0-00403"]
[Site "LSS email"]
[Date "2018.08.29"]
[Round "?"]
[White "Zolendowski, Cesary"]
[Black "Markus, Roland"]
[Result "1/2-1/2"]
[WhiteElo "2322"]
[BlackElo "2389"]
[PlyCount "72"]
[EventDate "2018.08.27"]
[EventType "tourn (corr)"]
[EventRounds "6"]
[EventCountry "GER"]
[SourceTitle "Corr 2022"]
[Source "ChessBase"]
[SourceDate "2021.10.24"]
[SourceVersion "1"]
[SourceVersionDate "2021.10.24"]
[SourceQuality "1"]

1. e4 e5 2. Nf3 Nc6 3. Bb5 a6 4. Ba4 Nf6 5. 0-0 Be7 6. Re1 b5 7. Bb3 0-0 8. c3 d5 9. exd5 Nxd5 10. Nxe5 Nxe5 11. Rxe5 c6 12. d4 Bd6 13. Re1 Qh4 14. g3 Qh3 15. Re4 g5 16. Qf1 Qxf1+ 17. Kxf1 Bf5 18. Nd2 Kg7 19. f3 Bxe4 20. Nxe4 Be7 21. Nxg5 Rad8 22. Ne4 a5 23. a3 a4 24. Bc2 h6 25. Nf2 h5 26. Bd3 Rde8 27. Bd2 Bd6 28. Bf5 Ne7 29. Bh3 f5 30. Nd3 Nd5 31. Kf2 Re6 32. Nb4 h4 33. Nxd5 hxg3+ 34. hxg3 cxd5 35. Rg1 Rh8 36. Bf1 Kf6 1/2-1/2

[Event "WC-2018-P-00008"]
[Site "LSS email"]
[Date "2018.01.22"]
[Round "?"]
[White "Panov, Serg"]
[Black "Zolendowski, Cesary"]
[Result "1-0"]
[WhiteElo "2313"]
[BlackElo "2317"]
[PlyCount "135"]
[EventDate "2018.02.01"]
[EventType "tourn (corr)"]
[EventRounds "12"]
[EventCountry "GER"]
[SourceTitle "Corr 2022"]
[Source "ChessBase"]
[SourceDate "2021.10.24"]
[SourceVersion "1"]
[SourceVersionDate "2021.10.24"]
[SourceQuality "1"]

1. Nf3 c5 2. c4 Nf6 3. Nc3 Nc6 4. g3 g6 5. Bg2 Bg7 6. 0-0 0-0 7. d4 cxd4 8. Nxd4 Re8 9. Nc2 d6 10. b3 Bd7 11. Bb2 Rc8 12. Qd2 Qa5 13. Rfd1 Ne5 14. h3 a6 15. f4 Nc6 16. e4 Qh5 17. g4 Qc5+ 18. Qe3 Qxe3+ 19. Nxe3 h5 20. e5 dxe5 21. g5 Nh7 22. Rxd7 exf4 23. Ned1 f3 24. Bf1 Bd4+ 25. Kh1 Nxg5 26. Rxb7 Ne6 27. b4 g5 28. Nd5 Bxb2 29. Nxb2 g4 30. Kh2 Kg7 31. Nd3 Ned4 32. Ne3 Rb8 33. Rxb8 Rxb8 34. hxg4 hxg4 35. Nxg4 Nxb4 36. Kg3 Nxd3 37. Bxd3 Rb2 38. Ne5 Kf6 39. Nxf3 Ne6 40. Ne1 a5 41. Kf3 Nc5 42. Ke3 e5 43. Be2 Ke6 44. Nd3 Nxd3 45. Bxd3 Rh2 46. c5 Rh3+ 47. Kd2 Rh2+ 48. Be2 f5 49. Rc1 Kd7 50. Rc2 f4 51. Kd3 Kc7 52. Bf3 Rh3 53. Ke4 Rg3 54. Rc3 Rg5 55. Kd5 Kd8 56. c6 e4+ 57. Kxe4 Kc7 58. Rb3 Kd6 59. Kxf4 Rc5 60. Rd3+ Ke6 61. Bg4+ Kf6 62. Rd6+ Ke7 63. Rd7+ Kf6 64. c7 Rc4+ 65. Ke3 a4 66. Rh7 Kg6 67. c8Q Rxc8 68. Bxc8 1-0

[Event "WC-2018-P-00008"]
[Site "LSS email"]
[Date "2018.01.22"]
[Round "?"]
[White "Zolendowski, Cesary"]
[Black "Pocivavsek, Darko"]
[Result "1/2-1/2"]
[WhiteElo "2317"]
[BlackElo "2053"]
[PlyCount "82"]
[EventDate "2018.02.01"]
[EventType "tourn (corr)"]
[EventRounds "12"]
[EventCountry "GER"]
[SourceTitle "Corr 2022"]
[Source "ChessBase"]
[SourceDate "2021.10.24"]
[SourceVersion "1"]
[SourceVersionDate "2021.10.24"]
[SourceQuality "1"]

1. e4 e5 2. Nf3 Nc6 3. Bb5 a6 4. Ba4 Nf6 5. 0-0 Be7 6. Re1 b5 7. Bb3 0-0 8. d3 d6 9. a4 b4 10. a5 Be6 11. Nbd2 Bxb3 12. Nxb3 Re8 13. Be3 Qd7 14. Nfd2 Rab8 15. h3 Rb5 16. Nc4 d5 17. exd5 Nxd5 18. Qf3 f5 19. Re2 Nxe3 20. Qxe3 Qd5 21. Rae1 Qf7 22. Ncd2 e4 23. f4 Bf6 24. Rb1 Rd5 25. Kh1 Nd4 26. Nxd4 Bxd4 27. Qg3 exd3 28. Rxe8+ Qxe8 29. Qxd3 Qb5 30. Qb3 Bf6 31. Nf3 Qxa5 32. Rd1 c6 33. Nd4 Kf8 34. Ne6+ Kf7 35. Re1 Qb6 36. Qf3 g6 37. Qe2 Qb7 38. Ng5+ Kg7 39. Qe8 c5 40. Ne6+ Kh6 41. Nxc5 Qc7 1/2-1/2

[Event "SM-2017-0-00388"]
[Site "LSS email"]
[Date "2017.12.12"]
[Round "?"]
[White "Steinke, Ruediger"]
[Black "Zolendowski, Cesary"]
[Result "1/2-1/2"]
[WhiteElo "2353"]
[BlackElo "2333"]
[PlyCount "47"]
[EventDate "2017.10.26"]
[EventType "tourn (corr)"]
[EventRounds "6"]
[EventCountry "GER"]
[SourceTitle "Corr 2022"]
[Source "ChessBase"]
[SourceDate "2021.10.24"]
[SourceVersion "1"]
[SourceVersionDate "2021.10.24"]
[SourceQuality "1"]

1. e4 c5 2. Nf3 d6 3. d4 cxd4 4. Nxd4 Nf6 5. Nc3 a6 6. Be3 e6 7. Be2 Be7 8. 0-0 0-0 9. f4 Qc7 10. g4 d5 11. e5 Nfd7 12. Qd2 Nc6 13. a3 b5 14. Nxc6 Qxc6 15. Bd4 Bb7 16. Qe3 f6 17. Bd3 fxe5 18. fxe5 Nc5 19. g5 Nxd3 20. cxd3 b4 21. axb4 Bxb4 22. h4 Rxf1+ 23. Rxf1 Rf8 24. Rxf8+ 1/2-1/2

[Event "SM-2017-0-00387"]
[Site "LSS email"]
[Date "2017.12.12"]
[Round "?"]
[White "Zolendowski, Cesary"]
[Black "Steinke, Ruediger"]
[Result "1/2-1/2"]
[WhiteElo "2333"]
[BlackElo "2355"]
[PlyCount "46"]
[EventDate "2017.09.27"]
[EventType "tourn (corr)"]
[EventRounds "6"]
[EventCountry "GER"]
[SourceTitle "Corr 2022"]
[Source "ChessBase"]
[SourceDate "2021.10.24"]
[SourceVersion "1"]
[SourceVersionDate "2021.10.24"]
[SourceQuality "1"]

1. e4 e5 2. Nf3 Nc6 3. Bc4 Bc5 4. c3 Nf6 5. d3 a6 6. 0-0 d6 7. Bb3 0-0 8. Re1 Ba7 9. h3 h6 10. Nbd2 Nh5 11. Nf1 Qf6 12. Be3 Bxe3 13. Nxe3 Nf4 14. Bc2 Ne7 15. Kh2 c5 16. Ng1 b5 17. Qf3 Qg6 18. Rad1 Bb7 19. g3 Ne6 20. Qg4 Qxg4 21. hxg4 Rfd8 22. Bb3 Rab8 23. Bxe6 fxe6 1/2-1/2

[Event "SM-2017-0-00388"]
[Site "LSS email"]
[Date "2017.12.09"]
[Round "?"]
[White "Dos Santos, M A"]
[Black "Zolendowski, Cesary"]
[Result "0-1"]
[WhiteElo "2356"]
[BlackElo "2333"]
[PlyCount "64"]
[EventDate "2017.10.26"]
[EventType "tourn (corr)"]
[EventRounds "6"]
[EventCountry "GER"]
[SourceTitle "Corr 2022"]
[Source "ChessBase"]
[SourceDate "2021.10.24"]
[SourceVersion "1"]
[SourceVersionDate "2021.10.24"]
[SourceQuality "1"]

1. d4 d5 2. c4 e6 3. Nc3 Nf6 4. cxd5 exd5 5. Bg5 c6 6. Qc2 Be7 7. e3 h6 8. Bh4 0-0 9. Bd3 Re8 10. Nge2 Nh5 11. Bxe7 Qxe7 12. h3 Nf6 13. 0-0 Nbd7 14. Nf4 Nf8 15. Rfb1 Ne6 16. Nxe6 Bxe6 17. b4 a5 18. b5 c5 19. dxc5 Qxc5 20. Qd2 Rac8 21. Ne2 Qa3 22. Rb3 Qa4 23. Nd4 Ne4 24. Qe2 Nc5 25. Rc3 Nxd3 26. Rxd3 Bd7 27. Qb2 b6 28. Qb3 Qc4 29. Rd2 Rc5 30. Qd1 Bxb5 31. Qb1 Rec8 32. Kh2 Qa4 0-1

[Event "SM-2017-0-00387"]
[Site "LSS email"]
[Date "2017.12.09"]
[Round "?"]
[White "Zolendowski, Cesary"]
[Black "Dos Santos, M A"]
[Result "1/2-1/2"]
[WhiteElo "2333"]
[BlackElo "2356"]
[PlyCount "24"]
[EventDate "2017.09.27"]
[EventType "tourn (corr)"]
[EventRounds "6"]
[EventCountry "GER"]
[SourceTitle "Corr 2022"]
[Source "ChessBase"]
[SourceDate "2021.10.24"]
[SourceVersion "1"]
[SourceVersionDate "2021.10.24"]
[SourceQuality "1"]

1. e4 c6 2. d4 d5 3. Nc3 dxe4 4. Nxe4 Bf5 5. Ng3 Bg6 6. Nf3 Nd7 7. Bd3 e6 8. Bf4 Ngf6 9. 0-0 Bxd3 10. Qxd3 Be7 11. c4 0-0 12. Rad1 Re8 1/2-1/2

[Event "SM-2017-0-00386"]
[Site "LSS email"]
[Date "2017.11.30"]
[Round "?"]
[White "Zolendowski, Cesary"]
[Black "Wosch, Arkadiusz Janusz"]
[Result "1/2-1/2"]
[WhiteElo "2332"]
[BlackElo "2353"]
[PlyCount "68"]
[EventDate "2017.09.18"]
[EventType "tourn (corr)"]
[EventRounds "6"]
[EventCountry "GER"]
[SourceTitle "Corr 2022"]
[Source "ChessBase"]
[SourceDate "2021.10.24"]
[SourceVersion "1"]
[SourceVersionDate "2021.10.24"]
[SourceQuality "1"]

1. e4 c5 2. Nf3 Nc6 3. d4 cxd4 4. Nxd4 Nf6 5. Nc3 d6 6. Bg5 e6 7. Qd2 a6 8. 0-0-0 Bd7 9. f3 Be7 10. Kb1 Qc7 11. Be3 h5 12. Bd3 Ne5 13. h3 h4 14. f4 Nxd3 15. cxd3 b5 16. Nce2 Qb7 17. Bf2 b4 18. Nf3 a5 19. Rc1 Ba4 20. Rhe1 Nd7 21. Ned4 Nc5 22. e5 0-0 23. f5 dxe5 24. Nxe5 Rfc8 25. Rc4 Qd5 26. fxe6 Nxe6 27. Nxe6 Qxe6 28. Nc6 Rxc6 29. Rxe6 Rxe6 30. Qc1 Bb5 31. Rc8+ Rxc8 32. Qxc8+ Kh7 33. Qc2 Kg8 34. Qc8+ Kh7 1/2-1/2

[Event "SM-2017-0-00388"]
[Site "LSS email"]
[Date "2017.11.20"]
[Round "?"]
[White "Willmann, Bernd"]
[Black "Zolendowski, Cesary"]
[Result "1/2-1/2"]
[WhiteElo "2283"]
[BlackElo "2333"]
[PlyCount "37"]
[EventDate "2017.10.26"]
[EventType "tourn (corr)"]
[EventRounds "6"]
[EventCountry "GER"]
[SourceTitle "Corr 2022"]
[Source "ChessBase"]
[SourceDate "2021.10.24"]
[SourceVersion "1"]
[SourceVersionDate "2021.10.24"]
[SourceQuality "1"]

1. e4 c5 2. Nf3 d6 3. d4 cxd4 4. Nxd4 Nf6 5. Nc3 a6 6. Be3 e6 7. Be2 Be7 8. f4 0-0 9. 0-0 e5 10. Nf5 Bxf5 11. exf5 exf4 12. Bxf4 d5 13. Bf3 d4 14. Ne2 Nc6 15. Kh1 Qb6 16. Bxc6 bxc6 17. Qxd4 Bc5 18. Qc4 Qb5 19. Qxb5 1/2-1/2

[Event "SM-2017-0-00388"]
[Site "LSS email"]
[Date "2017.11.20"]
[Round "?"]
[White "Zolendowski, Cesary"]
[Black "Corti, Horacio"]
[Result "1/2-1/2"]
[WhiteElo "2333"]
[BlackElo "2312"]
[PlyCount "87"]
[EventDate "2017.10.26"]
[EventType "tourn (corr)"]
[EventRounds "6"]
[EventCountry "GER"]
[SourceTitle "Corr 2022"]
[Source "ChessBase"]
[SourceDate "2021.10.24"]
[SourceVersion "1"]
[SourceVersionDate "2021.10.24"]
[SourceQuality "1"]

1. e4 e5 2. Nf3 Nc6 3. Bc4 Bc5 4. 0-0 Nf6 5. d3 d6 6. c3 a6 7. Bb3 h6 8. Re1 0-0 9. Nbd2 Ba7 10. Nf1 Be6 11. Be3 Bxe3 12. Nxe3 Re8 13. Bxe6 fxe6 14. b4 Rf8 15. a4 Qe8 16. Qe2 Qf7 17. Nd2 d5 18. Nc2 a5 19. b5 Ne7 20. f3 Ng6 21. g3 c6 22. Rab1 Qc7 23. d4 cxb5 24. Rxb5 Rfc8 25. dxe5 Nxe5 26. Nd4 Qxc3 27. N2b3 Nd3 28. Rd1 dxe4 29. fxe4 Nb4 30. Rxb7 e5 31. Nf5 Rc7 32. Rxc7 Qxc7 33. Rc1 Qa7+ 34. Kg2 Rd8 35. Qf3 Kh7 36. Nh4 Nd3 37. Qf5+ Kg8 38. Rc8 Rxc8 39. Qxc8+ Kh7 40. Qf5+ Kg8 41. Qe6+ Kh7 42. Qf5+ Kg8 43. Qe6+ Kh7 44. Qf5+ 1/2-1/2

[Event "SM-2017-0-00388"]
[Site "LSS email"]
[Date "2017.11.20"]
[Round "?"]
[White "Zolendowski, Cesary"]
[Black "Mueller Alves, Martin"]
[Result "1/2-1/2"]
[WhiteElo "2333"]
[BlackElo "2452"]
[PlyCount "43"]
[EventDate "2017.10.26"]
[EventType "tourn (corr)"]
[EventRounds "6"]
[EventCountry "GER"]
[SourceTitle "Corr 2022"]
[Source "ChessBase"]
[SourceDate "2021.10.24"]
[SourceVersion "1"]
[SourceVersionDate "2021.10.24"]
[SourceQuality "1"]

1. e4 c5 2. Nf3 d6 3. d4 cxd4 4. Nxd4 Nf6 5. Nc3 a6 6. Bg5 Nbd7 7. Be2 e6 8. 0-0 h6 9. Be3 Qc7 10. a4 b6 11. f4 Bb7 12. Bf3 Nc5 13. Re1 Ncxe4 14. Nxe4 Bxe4 15. Bxe4 Nxe4 16. c4 Rc8 17. Qf3 Qb7 18. b3 Nc5 19. Qg3 Ne4 20. Qf3 Nc5 21. Qg3 Ne4 22. Qf3 1/2-1/2

[Event "SM-2017-0-00386"]
[Site "LSS email"]
[Date "2017.11.20"]
[Round "?"]
[White "Zolendowski, Cesary"]
[Black "Willmann, Bernd"]
[Result "1/2-1/2"]
[WhiteElo "2332"]
[BlackElo "2273"]
[PlyCount "47"]
[EventDate "2017.09.18"]
[EventType "tourn (corr)"]
[EventRounds "6"]
[EventCountry "GER"]
[SourceTitle "Corr 2022"]
[Source "ChessBase"]
[SourceDate "2021.10.24"]
[SourceVersion "1"]
[SourceVersionDate "2021.10.24"]
[SourceQuality "1"]

1. e4 c5 2. Nf3 d6 3. d4 cxd4 4. Nxd4 g6 5. Nc3 Bg7 6. Be3 Nf6 7. f3 0-0 8. Qd2 Nc6 9. 0-0-0 d5 10. Kb1 Nxd4 11. e5 Nxf3 12. gxf3 Nh5 13. Qe1 Bxe5 14. Nxd5 Bd6 15. Bg5 Nf6 16. Nxf6+ exf6 17. Bf4 Bxf4 18. Rxd8 Rxd8 19. Bc4 Bf5 20. Qe7 Rd7 21. Qxf6 Re8 22. a3 Be5 23. Qg5 Bg7 24. h4 1/2-1/2

[Event "CP-2017-Q-00006"]
[Site "LSS email"]
[Date "2017.11.19"]
[Round "?"]
[White "Rusak, Alexander"]
[Black "Zolendowski, Cesary"]
[Result "1/2-1/2"]
[WhiteElo "1768"]
[BlackElo "2328"]
[PlyCount "63"]
[EventDate "2017.11.25"]
[EventType "tourn (corr)"]
[EventRounds "6"]
[EventCountry "GER"]
[SourceTitle "Corr 2022"]
[Source "ChessBase"]
[SourceDate "2021.10.24"]
[SourceVersion "1"]
[SourceVersionDate "2021.10.24"]
[SourceQuality "1"]

1. e4 c5 2. Nf3 d6 3. d4 cxd4 4. Nxd4 Nf6 5. Nc3 a6 6. Bg5 e6 7. f4 Nbd7 8. Qf3 Qc7 9. 0-0-0 Be7 10. g4 b5 11. Bxf6 Nxf6 12. g5 Nd7 13. f5 0-0 14. h4 b4 15. Nce2 Bb7 16. Bg2 e5 17. f6 Bxf6 18. Nf5 Bd8 19. Nxd6 Nc5 20. Nxb7 Nxb7 21. Kb1 Rc8 22. c3 Be7 23. Bh3 Rcd8 24. cxb4 Bxb4 25. h5 Bd2 26. g6 Qc4 27. Nc1 Nc5 28. gxh7+ Kh8 29. Bf5 Rd4 30. Rhg1 Bh6 31. Nb3 Nxb3 32. Qxb3 1/2-1/2

[Event "CP-2017-P-00004"]
[Site "LSS email"]
[Date "2017.09.27"]
[Round "?"]
[White "Zolendowski, Cesary"]
[Black "Martins, Karin"]
[Result "1-0"]
[WhiteElo "2333"]
[BlackElo "1799"]
[PlyCount "97"]
[EventDate "2017.10.01"]
[EventType "tourn (corr)"]
[EventRounds "6"]
[EventCountry "GER"]
[SourceTitle "Corr 2022"]
[Source "ChessBase"]
[SourceDate "2021.10.24"]
[SourceVersion "1"]
[SourceVersionDate "2021.10.24"]
[SourceQuality "1"]

1. e4 e6 2. d4 d5 3. Nc3 Nf6 4. e5 Nfd7 5. f4 c5 6. Nf3 Nc6 7. Be3 Qb6 8. Na4 Qa5+ 9. c3 b6 10. Bd2 c4 11. b4 Nxb4 12. cxb4 Bxb4 13. Qc2 Bxd2+ 14. Nxd2 b5 15. Nc3 0-0 16. g3 Nb8 17. Nf3 Nc6 18. Kf2 b4 19. Ng5 g6 20. Ne2 a6 21. Qc1 Qb6 22. Qe3 h6 23. Nf3 Ne7 24. g4 Kg7 25. h4 Rh8 26. h5 a5 27. f5 gxf5 28. g5 Ng8 29. Rg1 Kf8 30. g6 fxg6 31. hxg6 Ra7 32. Nf4 Rg7 33. Nh5 Ne7 34. Nh4 Bd7 35. Be2 Rhg8 36. Rad1 Ba4 37. Qxh6 Bxd1 38. Rxd1 c3 39. Nf3 f4 40. Nxg7 Rxg7 41. Bd3 b3 42. axb3 a4 43. Rh1 Qc6 44. Qh8+ Ng8 45. Rh7 Re7 46. g7+ Kf7 47. Ng5+ Ke8 48. Qxg8+ Kd7 49. Rh8 1-0